| 000 | 00755nam a2200205Ii 4500 | ||
|---|---|---|---|
| 003 | JO-AjNU | ||
| 008 | 230605s9999||||xx |||||||||||||| ||und|| | ||
| 040 |
_aJO-AjNU _bara _erda _cJO-AjNU |
||
| 041 | _aara | ||
| 050 | 1 | 4 | _aPJ6101.M2.2002 |
| 100 | 3 |
_aتأليف المالقي، أحمد بن عبد النور ؛ تحقيق أحمد محمد الخراط, _eauthor _927081 |
|
| 245 | 0 | 0 | _aرصف المباني في شرح حروف المعاني |
| 250 | _aط3 | ||
| 264 | 3 | 1 | _aدشق: دار القلم، 2002 |
| 300 | _a575ص | ||
| 336 |
_atext _btxt _2rdacontent |
||
| 337 |
_aunmediated _bn _2rdamedia |
||
| 338 |
_avolume _bnc _2rdacarrier |
||
| 650 | 4 |
_aاللغة العربية -- النحو -- اللغة العربية -- قواعد _927082 |
|
| 999 |
_aA10342 _c13910 _d13910 |
||